000 01015nam a2200241Ia 4500
003 Ost
005 20260507075341.0
008 260507s9999||||xx |||||||||||||| ||und||
020 _a55838199579
040 _cfsecg
041 _aara
082 _a330
100 _aالعذاري، داود محمد عدنان
_eمؤلف
245 0 _aقياس مؤشرات ظاهرة الفقر في الوطن العربي /
_c داود محمد عدنان العذاري
260 _aعمان:
_bدار جرير,
_c2010
300 _a2015 صفحة؛
_bإيضاحات ؛
_c25 سم
504 _aالمراجع بالعربية والأجنبية ص.183 لملاحق ص.199
520 _aنظرة في مفاهيم الفقر ونظرياته، ظاهرة الفقر في الوطن العربي، التحليل الكمي الاقتصادي
653 _aالفقر
653 _aالفقر -الوطن العربي
700 _aالدعمي، هدى زوير مخلف
_eمؤلف ثانوي
942 _cكتاب
999 _c44089
_d44089